Définir l’usage des études d’impact dans un contexte de transition sociétale : de l’intérêt de mobiliser les parties prenantes (notice n° 2079066)
[ vue normale ]
| 000 -LEADER | |
|---|---|
| fixed length control field | 01832cam a2200289 4500500 |
| 005 - DATE AND TIME OF LATEST TRANSACTION | |
| control field | 20260405004857.0 |
| 041 ## - LANGUAGE CODE | |
| Language code of text/sound track or separate title | fre |
| 042 ## - AUTHENTICATION CODE | |
| Authentication code | dc |
| 100 10 - MAIN ENTRY--PERSONAL NAME | |
| Personal name | El Fassi, Fatem-Zahra |
| Relator term | author |
| 245 00 - TITLE STATEMENT | |
| Title | Définir l’usage des études d’impact dans un contexte de transition sociétale : de l’intérêt de mobiliser les parties prenantes |
| 260 ## - PUBLICATION, DISTRIBUTION, ETC. | |
| Date of publication, distribution, etc. | 2026.<br/> |
| 500 ## - GENERAL NOTE | |
| General note | 5 |
| 520 ## - SUMMARY, ETC. | |
| Summary, etc. | Alors que de nombreuses incertitudes pèsent sur les exigences de communication extra-financière européennes, notre recherche qualitative s’intéresse aux transpositions possibles, aux entreprises privées, des acquis de divers champs d’activité, souvent réglementés, en matière d’évaluation d’impact. Notre analyse invite à un renouvellement de la relation aux parties prenantes afin de servir des stratégies responsables adaptées aux enjeux contemporains. |
| 520 ## - SUMMARY, ETC. | |
| Summary, etc. | At a time when many uncertainties are weighing on European non-financial reporting requirements, our qualitative study looks at possible transpositions, to private companies, of the achievements of various fields of activity, often regulated, in terms of impact assessment. Our analysis calls for a renewal of the relationship with stakeholders in the interest of responsible strategies adapted to contemporary challenges. |
| 690 ## - LOCAL SUBJECT ADDED ENTRY--TOPICAL TERM (OCLC, RLIN) | |
| Topical term or geographic name as entry element | Attentes |
| 690 ## - LOCAL SUBJECT ADDED ENTRY--TOPICAL TERM (OCLC, RLIN) | |
| Topical term or geographic name as entry element | Évaluation d’impact |
| 690 ## - LOCAL SUBJECT ADDED ENTRY--TOPICAL TERM (OCLC, RLIN) | |
| Topical term or geographic name as entry element | Parties prenantes |
| 690 ## - LOCAL SUBJECT ADDED ENTRY--TOPICAL TERM (OCLC, RLIN) | |
| Topical term or geographic name as entry element | Responsabilité |
| 690 ## - LOCAL SUBJECT ADDED ENTRY--TOPICAL TERM (OCLC, RLIN) | |
| Topical term or geographic name as entry element | Expectations |
| 690 ## - LOCAL SUBJECT ADDED ENTRY--TOPICAL TERM (OCLC, RLIN) | |
| Topical term or geographic name as entry element | Impact assessment |
| 690 ## - LOCAL SUBJECT ADDED ENTRY--TOPICAL TERM (OCLC, RLIN) | |
| Topical term or geographic name as entry element | Responsibility |
| 690 ## - LOCAL SUBJECT ADDED ENTRY--TOPICAL TERM (OCLC, RLIN) | |
| Topical term or geographic name as entry element | Stakeholders |
| 700 10 - ADDED ENTRY--PERSONAL NAME | |
| Personal name | Pinos, Fabienne |
| Relator term | author |
| 700 10 - ADDED ENTRY--PERSONAL NAME | |
| Personal name | Portal, Marine |
| Relator term | author |
| 786 0# - DATA SOURCE ENTRY | |
| Note | Management & Avenir | 150 | 6 | 2026-01-05 | p. 55-78 | 1768-5958 |
| 856 41 - ELECTRONIC LOCATION AND ACCESS | |
| Uniform Resource Identifier | <a href="https://shs.cairn.info/revue-management-avenir-2026-1-page-55?lang=fr&redirect-ssocas=7080">https://shs.cairn.info/revue-management-avenir-2026-1-page-55?lang=fr&redirect-ssocas=7080</a> |
Pas d'exemplaire disponible.




Réseaux sociaux